| 000 | 00600nam a2200193 a 4500 | ||
|---|---|---|---|
| 005 | 20140310183136.0 | ||
| 008 | 020822s19uu xx 00 eng d | ||
| 020 | _a9780446525688 | ||
| 050 |
_aHD 30.37 _b.G223 1999 |
||
| 100 | _aGates, Bill | ||
| 245 |
_aBusiness @ the speed of thought : _busing a digital nervous system / _cBill Gates. |
||
| 260 |
_aUSA : _bWarner Books, Inc., _c1999. |
||
| 300 |
_a470 p. : _c25 cm. |
||
| 521 | _aBSBA | ||
| 650 |
_aBusiness enterprises _xcomputer networks |
||
| 650 |
_aBusiness enterprises _xcommunication system |
||
| 942 |
_cBK _2lcc _kFOR |
||
| 999 |
_c19288 _d19288 |
||